000 00511nam a2200181Ia 4500
008 231217s9999 xx 000 0 und d
020 _a8178812843
041 _aEnglish
082 _a658.15 SEE;1
100 _aSeethapathi, K ed. Sivaram, Y G ed. Rao, Rama Krishna T S ed.
245 0 _aFinancial intermediation : innovations and practices
250 _a1st ed.
260 _c2004
_bICFAI Press
_aHyderabad
300 _avi, 208
500 _aContent page available
650 _aICFAI
942 _cAA
999 _c181465
_d181465